书目信息 |
| 书名: | Man and superman | |
| 作者: | ||
| 分册号: | ||
| 分册名: | 出版地: | New York : |
|
| 出版社: | Airmont Pub. Co., Inc | |
| 出版时间: | 1965. | |
| 页数: | 192 p. : | |
| 开本: | 19 cm. : | |
| 丛书名: | ||
| 中图分类号: | ||
| 科图分类号: | ||
| 其他分类号: | H319.4 | |
| 主题词: | ||
| 电子资源: | ||
| 000 | 00666nam 2200205 a 4500 | |
| 001 | E0756459808 | |
| 005 | 20070206154414.46 | |
| 008 | 001 0 eng | |
| 008 | uu | |
| 040 | @aNLC | |
| 049 | @aN5LA | |
| 090 | @a2-87/I561.35/S53////////*960966/-67/2cop. | |
| 090 | @aH319.4 | |
| 096 | @aI561.35 @v2 | |
| 099 | @dH319.4@ex436 | |
| 100 | 1 | @aShaw, Bernard, @d1856-1950. |
| 245 | 10 | @aMan and superman |
| 260 | @aNew York :@bAirmont Pub. Co., Inc.,@c1965. | |
| 300 | @a192 p. :@bill. ;@c19 cm. :@b00 ;@c20020930@lNLC09@h2244 :@b40 ;@c20021225@lNLC09@h1855 :@b40 ;@c20021225@lNLC09@h1855@lNLC09@h2233@lNLC09@h1824 | |
| 852 | 9 | @bWWJC @cJ08N @k2-87 @hI561.35 @iS53 |
| Man and superman.-New York : : Airmont Pub. Co., Inc., , 1965. |
| 192 p. : : ill. ; ; 19 cm. : : 00 ; ; 20020930 : 40 ; ; 20021225 : 40 ; ; 20021225 |
| ISBN |
| ● |
| 相关链接 |
|
|
|
|
正题名:Man and superman
索取号:H319.4/x436
 
预约/预借
| 序号 | 登录号 | 条形码 | 馆藏地/架位号 | 状态 | 备注 |
| 1 | 60581 | 000449170 | 第四借阅区/ [索取号:H319.4/x436] | 在馆 | |
| 2 | 60582 | 000449090 | 第四借阅区/ [索取号:H319.4/x436] | 在馆 | |
| 3 | 60583 | 000449214 | 第四借阅区/ [索取号:H319.4/x436] | 在馆 | |
| 4 | 60584 | 000449054 | 第四借阅区/ [索取号:H319.4/x436] | 在馆 | |
| 5 | 60585 | 000449134 | 第四借阅区/ [索取号:H319.4/x436] | 在馆 |